History Quiz

Random History or Politics Quiz

African American Civil Rights Key People 1865-1992 Quiz Stats

Quiz not verified by Sporcle

Challenge
Share
Tweet
Embed
Score 0/52 Timer 10:00
0 Plays Today
Hint Answer % Correct
Member of the NAACP who refused to give up her seat on a bus when a white person got on.Rosa Parks
70%
Civil Rights leader whose I have a dream speech was recognized as one of the most powerful speeches in history. He was later assassinated. MLK
70%
80s Republican President who opposed the Voting Rights Act of 1965 as it was harm the South. He often opposed programs made to help blacks. Introduced a new era for ConservativesRonald Reagan
65%
Republican President who issued the Emancipation Proclamation and was later assassinated Abraham Lincoln
60%
Won 4 golds at the Berlin Olympics games in front of Adolf Hitler. He received no endorsements due to the colour of his skin. Jesse Owens
60%
Former Supreme Commander of the Allied Forces, before becoming a passive President whose failure to act on the Brown case was seen as a weak momentDwight Eisenhower
60%
After a hard upbringing and a life of crime, dropped his surname and became a prominent member of the Nation of Islam who believed in achieving black rights by force if neccesaryMalcolm X
55%
Republican President in 1868 who wanted to go back to early Reconstruction policy and allow former slaves achieve equal rights Ulysses S. Grant
50%
Wall Street Crash President who tried to appoint a racist Supreme Court judge to try win Democratic voters.Herbert Hoover
50%
Became aware of racism in the USA after touring the country as the FLOTUS. She supported the NAACP's Anti-Lynching Bill in the 30s, much to the embarrassment of her husband. Eleanor Roosevelt
50%
Black lawyer who took segregation cases to the Supreme Court on behalf of the NAACP. He won nearly all of them and in 1967 appointed the first black Justice of the Supreme CourtThurgood Marshall
50%
Democratic President who was one of the few US Senators to give support to general support to Civil Rights in the 1950s.LBJ
50%
President who supported civil rights but was not happy with the strengthening of affirmative action and other new measures. Ffirst President to resign due to the Watergate scandalRichard Nixon
50%
Republican President who during the reconstruction period following the American Civil War who believed in state rights and was heavily opposed to anti-slavery legislation Andrew Johnson
45%
Democrat President who held racist views and appointed segregationist southerners to his administration. Thomas Woodrow Wilson
45%
1920s President who believed that the rights of black Americans were as sacred as everyone elses. Calvin Coolidge
45%
New Deal President who was sympathetic to the plight of African Americans, yet did little help them in an attempt to keep democratic voters on his side.FDR
45%
Brother of a US President. Implemented Supreme Court decisions on Civil Rights as Attorney General. Assassinated in June 1968 Robert Kennedy
45%
Generally inactive on civil rights as President but was stronger on the issue as Governor of GeorgiaJimmy Carter
45%
Vice Presidnent to Reagan who later became President. He supported civil rights but saw some policies as fake, as it meant jobs were going to people who didn't deserve them.George H.W. Bush
45%
President elected on two separate occasions. He affirmed the rights of all Americans whatever color. However, he believed in the southern states deciding race relations.Grover Cleveland
40%
Born into slavery but was part of the first generation of children who benefited from new education opportunities. Dedicated his life to ensuring others had the same chan Booker T. Washington
40%
High profile abolitionist who refused to run the Freedman's Bureau due to opposition with the policies of President JohnsonFrederick Douglass
35%
Republican President who supported the Progressive movement but did little to advance black civil rights.Theodore Roosevelt
35%
First black American to acquire a PhD from Harvard University. He helped found the Niagara movement in 1905 before forming the NAACP in 1909. William Edward
35%
Arrived in the USA in 1916, founded the first American branch of the organisation UNIA in 1917. Marcus Garvey
30%
Hint Answer % Correct
Organizer for SNCC, wrote Black Power, used strong language in his speeches, left the SNCC to join the Black Panthers before leaving the USA entirely.Stokely Carmichael
30%
Prominent SCLC who organised operation Breadbasket. Supporter of Affirmative Action and later campaigned twice for the Democratic Presidency nomination Jesse Jackson
30%
A surprisingly Liberal Republican who became a Justice of the Supreme Court and ruled in favour of civil rights in many cases. Earl Warren
25%
Co-founder of the Black Panther group. He was later arrested for violent offences before fleeing to Cuba. He returned but was later shot in 1989.Huey Newton
25%
Man who replaced MLK after his death. Lacked the charisma and authority that King hadRalph Abernathy
20%
Leader of the Nation of Islam and called for a separate homeland for black Americans.Elijah Muhammed
20%
Co-founder of the Black Panther group, had a murder charge against him once before attempting to become Mayor of Oakland in 1973.Bobby Seale
20%
Re-founded the KKK in 1915.William Simmons
10%
First elected black member of the House of Representatives. He challenged the de facto segregation within New York City and organised a 'don't buy where you can't work campaign'Adam Clayton Powell
10%
President who supported civil right but did not want it's implementation to be done by the federal government but by the states instead.Gerald Ford
10%
Radical Republican who took a hard line stance against southern states who believed in slavery. Believed that reconstruction should be led by the federal government.Thaddeus Stevens
5%
Head of the Freedman's Bureau, noted for his lack of corruption and interest in the welfare of the emancipated slaves. General Oliver Howard
5%
Daughters of slave parents, who refused to give up her seat on a train to a white man. She was removed but later sued the railroad companyIda B. Wells
5%
Secretary of the NAACP. Had organisational and personal skills that allowed him to have good relations with many influential white political figures. Walter White
5%
Mississippi governor who violently opposed the right for black people to vote.Theodore Bilbo
5%
Governor of Georgia who opposed the right of black people to vote.Eugene Talmadge
5%
Leader of the NAACP from 1955 to 1981. He did not like confrontational protests/policies that other groups participated in.Roy Wilkins
5%
Ran a black voters campaign from as early as the 30s. She worked with King and the SCLC but disliked his leadership style.Ella Baker
5%
First black senator who represented Mississippi after being born into slavery in Virginia Blanche K. Bruce
0%
President who took little interest in black civil rights, regarding it as a question of states' rights.William Howard Taft
0%
Protested the treatment of African-Americans. He later formed the Afro-American League in 1890, which collapsed before being revived as the Afro-American Council in 1898.T.Thomas Fortune
0%
Achieved academic success at Harvard but was unable to have an international banking career due to the prejudice he faced. Later edited a weekly newspaper about race relations William Monroe Trotter
0%
Republican Representative who was criticized for not supporting the New Deal which were seen as helpful to black people. Did win support for his stance against segregation Oscar de Priest
0%
Ousted William Simmons from head position of the KKK. Under his tenure the target of hate widened to include other groups that were not WASPSHiram Evans
0%
Fought for Civil Rights in Alabama, believed in non-violent action and confronted the police dogs and fire hoses at the Birmingham demonstration.Fred Shuttlesworth
0%
Birmingham Commissioners of Public Safety. Was determined to keep slavery at all costs. Eugene 'Bull' Conner
0%

You're not logged in!

Compare scores with friends on all Sporcle quizzes.
Sign Up with Email
OR
Log In

You Might Also Like...

Show Comments

Extras

Top Quizzes Today


Score Distribution

Your Account Isn't Verified!

In order to create a playlist on Sporcle, you need to verify the email address you used during registration. Go to your Sporcle Settings to finish the process.

Report this User

Report this user for behavior that violates our Community Guidelines.

Details: